000 00463nam a2200133 a 4500
008 120416s1964 ||||||||||||||||| || u
050 _aTK 7871 Bro
100 _aBrophy, James J
245 1 0 _aSemiconductor devices
260 _aNew York
_bMcGraw-Hill
_c1964
300 _ax, 130p. : ill.
350 _a0.00
995 _D0.00
_FCBU-MAIN LIBRARY (Kitwe)
_H1
_I30.00
_UAVAILABLE
_ZMain Library Open Access Collection
999 _c57302
_d57302